Alcances de la ley del arrepentido en materia penal tributaria y previsional (Registro nro. 19951)
[ vista simple ]
| 000 -LEADER | |
|---|---|
| fixed length control field | 00356 a2200109 4500 |
| 001 - CONTROL NUMBER | |
| control field | ART_41068 |
| 005 - DATE AND TIME OF LATEST TRANSACTION | |
| control field | 20260410161754.0 |
| 008 - FIXED-LENGTH DATA ELEMENTS--GENERAL INFORMATION | |
| fixed length control field | 260409a |
| 100 1# - MAIN ENTRY--PERSONAL NAME | |
| Personal name | Sequeira, Marcos A. |
| 245 10 - TITLE STATEMENT | |
| Title | Alcances de la ley del arrepentido en materia penal tributaria y previsional |
| 773 0# - HOST ITEM ENTRY | |
| Title | Doctrina tributaria |
| Related parts | - Nº 443 (feb. 2017) |
| Record control number | REV4296 |
No hay ítems disponibles.